[Event "Recklinghausen op 16th"]
[Site "Recklinghausen"]
[Date "2006.10.11"]
[Round "4"]
[White "Savin, Dimitri"]
[Black "Glahn, Michael"]
[Result "1/2-1/2"]
[WhiteElo "1436"]
[BlackElo "1557"]
[PlyCount "131"]
[EventDate "2006.10.07"]
[EventType "swiss"]
[EventRounds "7"]
[EventCountry "GER"]
[SourceTitle "CBM 114 Extra"]
[Source "ChessBase"]
[SourceDate "2006.11.03"]
[SourceVersion "1"]
[SourceVersionDate "2006.11.03"]
[SourceQuality "1"]

1. e4 e5 2. Nf3 Nc6 3. Bb5 Bc5 4. 0-0 d6 5. d4 exd4 6. Nxd4 Nge7 7. Be3 Bxd4 8. Bxd4 0-0 9. Bc3 a6 10. Bd3 Ng6 11. f4 Qh4 12. Qd2 Re8 13. g3 Qe7 14. a4 Bh3 15. Rf2 Rad8 16. Na3 d5 17. exd5 Rxd5 18. Re1 Qxe1+ 19. Qxe1 Rxe1+ 20. Bxe1 Bf5 21. Bxf5 Rxf5 22. Rd2 Nf8 23. Kf2 Rf6 24. Nc4 b5 25. axb5 axb5 26. Ne3 Ne7 27. Rd8 c6 28. Bb4 Re6 29. Nf5 Neg6 30. g4 Re4 31. Bd6 f6 32. h4 Kf7 33. h5 Ne6 34. hxg6+ Kxg6 35. Ne7+ Kf7 36. Nxc6 Nxd8 37. Nxd8+ Ke8 38. Bc7 Kd7 39. Bb6 Rxf4+ 40. Kg3 Rc4 41. c3 b4 42. Ba5 bxc3 43. bxc3 Rc5 44. Bb4 Rd5 45. Nb7 Kc6 46. Na5+ Kd7 47. Nc4 Ke6 48. Kf4 g6 49. Ne3 Rg5 50. Nc2 h5 51. Nd4+ Kd5 52. gxh5 Rxh5 53. Nf3 Rh1 54. Kg3 g5 55. Nd2 f5 56. Kg2 Rc1 57. Nf3 g4 58. Nh2 Ke4 59. Nf1 f4 60. Nd2+ Kd3 61. Nf1 f3+ 62. Kf2 Rc2+ 63. Kg1 Rg2+ 64. Kh1 g3 65. Bd6 Kxc3 66. Bxg3 1/2-1/2

[Event "Duisburg Grossenbaum op"]
[Site "Duisburg"]
[Date "2006.06.11"]
[Round "7"]
[White "Splitthoff, Wilhelm"]
[Black "Savin, Dimitri"]
[Result "1-0"]
[WhiteElo "1426"]
[BlackElo "1494"]
[PlyCount "82"]
[EventDate "2006.06.02"]
[EventType "swiss"]
[EventRounds "7"]
[EventCountry "GER"]
[SourceTitle "EXT 2007"]
[Source "ChessBase"]
[SourceDate "2006.11.23"]
[SourceVersion "1"]
[SourceVersionDate "2006.11.23"]
[SourceQuality "1"]

1. Nf3 Nf6 2. d3 Nc6 3. e3 e5 4. Nbd2 d5 5. c3 Bd6 6. e4 dxe4 7. Nxe4 Nxe4 8. dxe4 0-0 9. Bc4 h6 10. 0-0 Bg4 11. Qd3 Bc5 12. Qxd8 Raxd8 13. Ne1 Kh8 14. Kh1 f5 15. f3 Bh5 16. exf5 Rxf5 17. g4 Bxg4 18. fxg4 Rxf1+ 19. Bxf1 Rd1 20. b4 Rxe1 21. Bb2 Rxa1 22. Bxa1 Be3 23. Bg2 Nd8 24. c4 Bd4 25. Bxd4 exd4 26. c5 Kg8 27. Bd5+ Kf8 28. Kg2 Ke7 29. Kf3 c6 30. Bc4 b5 31. Bb3 d3 32. Ke3 d2 33. Kxd2 Ne6 34. Bxe6 Kxe6 35. Ke3 Ke5 36. h4 a6 37. a3 Ke6 38. Ke4 Kf6 39. Kf4 Ke6 40. g5 hxg5+ 41. Kxg5 Kf7 1-0